000
00354nam a2200133Ia 4500
008
151001s9999||||xx |||||||||||||| ||und||
100
_a
सुमन भडभडे
245
_a
जुईचे फुल
250
_a
1
260
_b
जयदीप प्रकाशन पुणे
260
_c
1986
300
_a
280
365
_b
18
999
_c
968878
_d
968875